书目信息 |
| 题名: |
公路施工测量手册
|
|
| 作者: | 聂让 主编 | |
| 分册: | ||
| 出版信息: | 北京 人民交通出版社 2002.09 |
|
| 页数: | 333页 | |
| 开本: | 26cm | |
| 丛书名: | ||
| 单 册: | ||
| 中图分类: | U412.24-62 | |
| 科图分类: | ||
| 主题词: | 道路工程 | |
| 电子资源: | ||
| ISBN: | 7-114-03673-6 | |
| 000 | 00563nam0 2200193 45 | |
| 001 | 8053666212 | |
| 005 | 1980012114542616 | |
| 010 | @a7-114-03673-6@dRMB 43.00 | |
| 100 | @a19800121d2002 km y0chiy0120 ea | |
| 101 | 0 | @achi |
| 102 | @aCN@b110000 | |
| 200 | 1 | @a公路施工测量手册@Agong lu shi gong ce liang shou ce@f聂让等主编@Fnie rang deng zhu bian |
| 210 | @a北京@c人民交通出版社@d2002.09 | |
| 215 | @a333页@d26cm | |
| 606 | 0 | @a道路工程 |
| 690 | @aU412.24-62@v3 | |
| 701 | 0 | @a聂让@Anie rang@4主编 |
| 801 | 0 | @aCN@bPFT@c19800121 |
| 905 | @a10447@dU412.24-62@eN572 | |
| 公路施工测量手册/聂让等主编.-北京:人民交通出版社,2002.09 |
| 333页;26cm |
| ISBN 7-114-03673-6:RMB 43.00 |
| ● |
| 相关链接 |
|
|
|
正题名:公路施工测量手册
索取号:U412.24-62/N572
 
预约/预借
| 序号 | 登录号 | 条形码 | 馆藏地/架位号 | 状态 | 备注 |
| 1 | 364762 | 203647624 | 期刊室512/501自科库 51排4列2层/ [索取号:U412.24-62/N572] | 在馆 | |
| 2 | 364763 | 203647633 | 自科库501/501自科库 51排4列2层/ [索取号:U412.24-62/N572] | 在馆 | |
| 3 | 364764 | 203647642 | 自科库501/501自科库 51排4列2层/ [索取号:U412.24-62/N572] | 在馆 |